A-Z Largest country - Statistics

General Stats
  • This quiz has been taken 35 times
  • The average score is 9 of 26
Answer Stats
Hint Answer % Correct
C Canada
91%
B Brazil
81%
A Russia
63%
R Russia
59%
E USA
47%
D Canada
41%
I Russia
41%
U Russia
41%
K Kazakhstan
38%
S Russia
38%
L Brazil
34%
N Canada
34%
H China
34%
T USA
34%
Z Brazil
31%
J Japan
31%
X Mexico
28%
F USA
28%
O USA
28%
M USA
25%
G Argentina
19%
Q Mozambique
19%
W Botswana
6%
P Congo
6%
V Bolivia
3%
Y Libya
3%
No matching quizzes found
Score Distribution
Percent of People with Each Score
Percentile by Number Answered
Your Score History
You have not taken this quiz